Derecho del trabajo y de la seguridad social (Registro nro. 2383)
[ vista simple ]
| 000 -LEADER | |
|---|---|
| fixed length control field | 01689 a2200205 4500 |
| 001 - CONTROL NUMBER | |
| control field | 33679 |
| 005 - DATE AND TIME OF LATEST TRANSACTION | |
| control field | 20260407155628.0 |
| 008 - FIXED-LENGTH DATA ELEMENTS--GENERAL INFORMATION | |
| fixed length control field | 260407a1989 arg spa d |
| 003 - CONTROL NUMBER IDENTIFIER | |
| control field | AR-UNSa-BCEJYS |
| 040 ## - CATALOGING SOURCE | |
| Original cataloging agency | AR-UNSa-BCEJYS |
| Language of cataloging | spa |
| Transcribing agency | AR-UNSa-BCEJYS |
| 080 ## - UNIVERSAL DECIMAL CLASSIFICATION NUMBER | |
| Universal Decimal Classification number | 349.2 |
| Common auxiliary subdivision | Derecho del Trabajo |
| 100 1# - MAIN ENTRY--PERSONAL NAME | |
| Personal name | Vázquez Vialard, Antonio |
| 245 10 - TITLE STATEMENT | |
| Title | Derecho del trabajo y de la seguridad social |
| 250 ## - EDITION STATEMENT | |
| Edition statement | 4a. ed. |
| 264 #1 - PRODUCTION, PUBLICATION, DISTRIBUTION, MANUFACTURE, AND COPYRIGHT NOTICE | |
| Place of production, publication, distribution, manufacture | Buenos Aires : |
| Name of producer, publisher, distributor, manufacturer | Astrea |
| Date of production, publication, distribution, manufacture, or copyright notice | 1989 |
| 300 ## - PHYSICAL DESCRIPTION | |
| Extent | 2 v. |
| Dimensions | 22 cm. |
| 505 ## - FORMATTED CONTENTS NOTE | |
| Formatted contents note | Vol. I: 1. El trabajo humano - 2. La plítica social - 3. Mercado de trabajo - 4. Derecho del trabajo - 5. Evolución histórica - 6. Instituciones socio-laborales - 7. la relacion individual - 8. Contrato de trabajo - 9. Deberes y derechos de las partes - 10. Condiciones de trabajo - 11. Remuneración - 12. Suspensión de algunas obligaciones que impone la presentación laboral - 13. Novación subjetiva del contrato de trabajo - 14. Extinción del contrato de trabajo -- Vol. II: 15. Estatutos especiales - 16. Introducción a las relaciones colectivas de trabajo - 17. Régimen legal de lasmasociaciones gremialesde trabajadores - 18. Conflicto laboral - 19. Negociación colectiva - 20. Intervención del estado en las relaciones de trabajo - 21. Justicia nacopnal del trabajo de la capital federal - 22. Justicia del trabajo en la provincia de Buenos Aires - 23. La problemática - 24. Derecho de la seguridad social - 25. Régimen previsional argentino - 26. Régimen de asignaciones familiares - 27. Amparo de las contingencias por enfermedad o accidentes - 28. Cobertura de otros estados de necesidad en la argentina. |
| 590 ## - LOCAL NOTE (RLIN) | |
| Local note | niveau_biblio:m niveau_hierar:0 |
| 942 ## - ADDED ENTRY ELEMENTS (KOHA) | |
| Koha item type | |
| Withdrawn status | Lost status | Damaged status | Not for loan | Home library | Current library | Shelving location | Date acquired | Total checkouts | Full call number | Barcode | Date last seen | Price effective from | Koha item type |
|---|---|---|---|---|---|---|---|---|---|---|---|---|---|
| Biblioteca Prof. Eusebio Cleto del Rey | Biblioteca Prof. Eusebio Cleto del Rey | 07/04/2026 | 349.2 V393 v.1 4ed. | L53143 | 07/04/2026 | 07/04/2026 | Libro | ||||||
| Biblioteca Prof. Eusebio Cleto del Rey | Biblioteca Prof. Eusebio Cleto del Rey | 07/04/2026 | 349.2 V393 v.1 4ed. | L70069 | 07/04/2026 | 07/04/2026 | Libro | ||||||
| Biblioteca Prof. Eusebio Cleto del Rey | Biblioteca Prof. Eusebio Cleto del Rey | 07/04/2026 | 349.2 V393 v.2 4ed. | L53144 | 07/04/2026 | 07/04/2026 | Libro | ||||||
| Biblioteca Prof. Eusebio Cleto del Rey | Biblioteca Prof. Eusebio Cleto del Rey | 07/04/2026 | 349.2 V393 v.2 4ed. | L70070 | 07/04/2026 | 07/04/2026 | Libro |